[Event "European Youth Chess Championship B10"]
[Site "Prague, Top Hotel Prague"]
[Date "2016.08.20"]
[Round "3.37"]
[White "Kolchin, Maxim"]
[Black "Bogusz, Alan"]
[Result "1-0"]
[WhiteElo "1590"]
[BlackElo "1428"]
[PlyCount "91"]
[EventDate "2016.08.18"]

1. d4 Nf6 2. Bg5 g6 3. Bxf6 exf6 4. g3 Bg7 5. e3 O-O 6. Bg2 d5 7. Ne2 Nd7 8.
O-O c6 9. Nd2 Nb6 10. Rc1 Be6 11. Nf4 Qd7 12. Nd3 Rfe8 13. Nc5 Qc7 14. Re1 f5
15. b3 Nd7 16. Nd3 Qd6 17. c4 Rac8 18. Nf4 Nf6 19. Nb1 Rcd8 20. Re2 Re7 21. Rd2
Ne4 22. Rdc2 Nf6 23. Rd2 Ne4 24. Rb2 Nf6 25. c5 Qc7 26. Nc3 Ree8 27. Nd3 Ne4
28. Qe1 Bc8 29. b4 a6 30. a4 Nxc3 31. Qxc3 Be6 32. b5 axb5 33. axb5 Rb8 34. Nb4
Bd7 35. bxc6 Bxc6 36. Nxd5 Bxd5 37. Bxd5 Rec8 38. Qc4 Rd8 39. Rcb1 Rd7 40. Rxb7
Rxb7 41. Rxb7 Qc8 42. Rxd7 Qxd7 43. c6 Qc7 44. Bxf7+ Qxf7 45. Qxf7+ Kxf7 46. c7
1-0

[Event "European Youth Chess Championship B10"]
[Site "Prague, Top Hotel Prague"]
[Date "2016.08.20"]
[Round "3.38"]
[White "Damjanovic, Vuk"]
[Black "Merts, Dmitrii"]
[Result "0-1"]
[WhiteElo "1412"]
[BlackElo "1590"]
[PlyCount "50"]
[EventDate "2016.08.18"]

1. d4 d5 2. c4 e6 3. Nf3 c6 4. g3 Nf6 5. Bg2 Bb4+ 6. Bd2 Be7 7. Qb3 Nbd7 8. O-O
b6 9. Bb4 c5 10. Ba3 Bb7 11. Nc3 Rc8 12. cxd5 Nxd5 13. Rfe1 O-O 14. e4 Nxc3 15.
bxc3 cxd4 16. cxd4 Nf6 17. Bxe7 Qxe7 18. Ne5 Rfd8 19. Qb2 Rc7 20. f3 Qd6 21.
Red1 Rdc8 22. Nd3 Rc2 23. e5 Qd5 24. Qb4 Rxg2+ 25. Kh1 Qxf3 0-1

[Event "European Youth Chess Championship B10"]
[Site "Prague, Top Hotel Prague"]
[Date "2016.08.20"]
[Round "3.39"]
[White "Hlavina, Matous"]
[Black "Goncharenko, Oleksii"]
[Result "1/2-1/2"]
[WhiteElo "1586"]
[BlackElo "1418"]
[PlyCount "111"]
[EventDate "2016.08.18"]

1. e4 c6 2. d4 d5 3. exd5 cxd5 4. c3 Nf6 5. Bf4 Nc6 6. Nf3 Bg4 7. Qb3 Qd7 8.
Ne5 Qc8 9. h3 Bd7 10. Bd3 e6 11. Nd2 Be7 12. O-O O-O 13. Rfe1 Nh5 14. Bh2 Nxe5
15. Bxe5 Rd8 16. Qd1 Nf6 17. Qf3 Bc6 18. Re3 Nd7 19. Bf4 Nf6 20. Bg5 Qc7 21. h4
h6 22. Bxf6 Bxf6 23. Qh5 Qf4 24. g3 Qd6 25. Nf3 Qf8 26. Ne5 Bxe5 27. Rxe5 g6
28. Qg4 Qg7 29. Rae1 Bd7 30. Qf3 Rac8 31. h5 Rf8 32. Qe2 Rc7 33. Kg2 f6 34. Re3
g5 35. g4 Re8 36. Bg6 Re7 37. Bf5 Rc6 38. Bd3 Rb6 39. a3 Kh8 40. Kg3 Kg8 41.
Rf1 Rf7 42. Bg6 Rf8 43. f4 Bb5 44. Bd3 Bxd3 45. Rxd3 Qh7 46. f5 Qe7 47. Re3 Re8
48. Re1 Qd6+ 49. Kh3 e5 50. Qh2 e4 51. Qxd6 Rxd6 52. Kg3 Rb6 53. R1e2 Rb3 54.
Kf2 Rc8 55. Rc2 Rc4 56. Ree2 1/2-1/2

[Event "European Youth Chess Championship B10"]
[Site "Prague, Top Hotel Prague"]
[Date "2016.08.20"]
[Round "3.40"]
[White "Weissenhofer, Jonas"]
[Black "Werner, Hong Quan Dan"]
[Result "1-0"]
[WhiteElo "1402"]
[BlackElo "1586"]
[PlyCount "93"]
[EventDate "2016.08.18"]

1. e4 e5 2. Nf3 Nc6 3. Bb5 d6 4. d4 Bg4 5. d5 a6 6. Ba4 b5 7. Bb3 Nd4 8. Nbd2
Nf6 9. c3 Nxf3+ 10. Nxf3 Nxe4 11. Bc2 Nf6 12. h3 Bh5 13. O-O e4 14. Re1 Bg6 15.
Ng5 Be7 16. Nxe4 Nxe4 17. Bxe4 f5 18. Bc2 O-O 19. Re6 Bf7 20. Re3 Bg5 21. Rg3
f4 22. Rd3 Bg6 23. Rd4 Rf7 24. Bxg6 hxg6 25. Qg4 Re7 26. Bxf4 Bxf4 27. Rxf4 g5
28. Rf5 Re5 29. Rxe5 dxe5 30. Qe6+ Kh8 31. Qxe5 Qd7 32. Qxg5 Qf7 33. Rd1 Re8
34. Kf1 Rf8 35. f3 Re8 36. Re1 Rc8 37. Re7 Qf8 38. Qe5 Kg8 39. Rxc7 Re8 40. Qd4
Kh8 41. d6 Rd8 42. Re7 Kg8 43. Qd5+ Kh8 44. Qe6 Qf4 45. Re8+ Rxe8 46. Qxe8+ Kh7
47. Qe4+ 1-0

[Event "European Youth Chess Championship B10"]
[Site "Prague, Top Hotel Prague"]
[Date "2016.08.20"]
[Round "3.41"]
[White "Larichev, Prokhor"]
[Black "Sahinoz, Giulio O"]
[Result "1-0"]
[WhiteElo "1585"]
[BlackElo "1385"]
[PlyCount "31"]
[EventDate "2016.08.18"]

1. e4 c5 2. Nf3 d6 3. d4 cxd4 4. Nxd4 Nf6 5. Nc3 a6 6. Bg5 e6 7. f4 Nbd7 8. Qf3
Be7 9. O-O-O Qc7 10. g4 b5 11. Bxf6 Nxf6 12. g5 Nd7 13. f5 e5 14. Nd5 Qd8 15.
Nc6 Bxg5+ 16. Kb1 1-0

[Event "European Youth Chess Championship B10"]
[Site "Prague, Top Hotel Prague"]
[Date "2016.08.20"]
[Round "3.42"]
[White "Djurovic, Peko"]
[Black "Sustek, Adam"]
[Result "1/2-1/2"]
[WhiteElo "1577"]
[BlackElo "1368"]
[PlyCount "72"]
[EventDate "2016.08.18"]

1. e4 d6 2. d4 c6 3. Nc3 Nd7 4. Nf3 Ngf6 5. Be2 e5 6. dxe5 dxe5 7. O-O Bb4 8.
Bg5 O-O 9. a3 Be7 10. Qd2 h6 11. Bh4 Nxe4 12. Bxe7 Nxd2 13. Bxd8 Nxf3+ 14. Bxf3
Rxd8 15. Rfe1 f6 16. Bg4 Nc5 17. Bxc8 Raxc8 18. Rad1 Ne6 19. Ne4 Rd5 20. Nc3
Rxd1 21. Rxd1 Nd4 22. Rd2 Rd8 23. Kf1 Kf7 24. Ne2 Ke7 25. Ng3 Ne6 26. Nf5+ Kf8
27. Rxd8+ Nxd8 28. Nd6 Ke7 29. Nf5+ Kf7 30. Ke2 Kg6 31. Ne7+ Kg5 32. Kf3 f5 33.
h4+ Kf6 34. Nc8 a6 35. Nd6 e4+ 36. Ke3 Ke5 1/2-1/2

[Event "European Youth Chess Championship B10"]
[Site "Prague, Top Hotel Prague"]
[Date "2016.08.20"]
[Round "3.43"]
[White "Juchelka, Marek"]
[Black "Gherghinoiu, Lucas"]
[Result "0-1"]
[WhiteElo "1362"]
[BlackElo "1573"]
[PlyCount "54"]
[EventDate "2016.08.18"]

1. e4 c5 2. Nf3 e6 3. d4 cxd4 4. Nxd4 a6 5. Bd3 g6 6. Qe2 Bg7 7. Nb3 Nf6 8. Nc3
d6 9. O-O O-O 10. Bd2 b5 11. Kh1 Bb7 12. f4 Qc7 13. e5 dxe5 14. fxe5 Nd5 15.
Rae1 Nd7 16. Nxd5 Bxd5 17. Bf4 Rac8 18. Qe3 Rfe8 19. Bh6 Bxe5 20. Qf2 f5 21. h3
Nf8 22. Nd2 Bg3 23. Qd4 Bxe1 24. Rxe1 Rcd8 25. Qf6 Rd7 26. h4 Qg3 27. Rg1 Qh3#
0-1

[Event "European Youth Chess Championship B10"]
[Site "Prague, Top Hotel Prague"]
[Date "2016.08.20"]
[Round "3.44"]
[White "Akulov, Mikhail"]
[Black "Scurtu, Alexandr"]
[Result "1/2-1/2"]
[WhiteElo "1542"]
[BlackElo "1335"]
[PlyCount "99"]
[EventDate "2016.08.18"]

1. e4 e5 2. Nf3 Nc6 3. Nc3 Nf6 4. d4 exd4 5. Nxd4 Bb4 6. Nxc6 bxc6 7. Bd3 O-O
8. O-O Bxc3 9. bxc3 d6 10. h3 Re8 11. Qf3 Nd7 12. Qg3 Qf6 13. Rb1 Nc5 14. Re1
Bf5 15. f3 Bg6 16. c4 Rab8 17. Be3 Nxd3 18. cxd3 c5 19. Qf2 Qc3 20. Qd2 Qa3 21.
f4 f6 22. g4 Qa4 23. h4 Qd7 24. Qe2 Rb6 25. f5 Bf7 26. g5 Qe7 27. Qg4 Kh8 28.
Kh1 Bg8 29. Rg1 Rxb1 30. Rxb1 Rf8 31. Rg1 Rf7 32. Qh5 Rf8 33. g6 Qe8 34. Qg4
Qe7 35. h5 Rb8 36. h6 Rb2 37. gxh7 Bxh7 38. hxg7+ Kg8 39. Qh5 Qf7 40. Qxf7+
Kxf7 41. Rg2 Rxg2 42. Kxg2 Kxg7 43. Bd2 Kf7 44. Ba5 c6 45. Kf3 Ke7 46. Ke3 Bg8
47. Kd2 Bf7 48. Ke3 Bh5 49. Bc7 Kd7 50. Ba5 1/2-1/2

[Event "European Youth Chess Championship B10"]
[Site "Prague, Top Hotel Prague"]
[Date "2016.08.20"]
[Round "3.45"]
[White "Dieguez, Novoa Benjamin"]
[Black "Pavlov, Mark"]
[Result "0-1"]
[WhiteElo "1068"]
[BlackElo "1538"]
[PlyCount "78"]
[EventDate "2016.08.18"]

1. e4 e6 2. d4 d5 3. Nc3 Nf6 4. e5 Nfd7 5. Nf3 c5 6. Ne2 Nc6 7. c3 Qb6 8. Be3
Qxb2 9. Rb1 Qa3 10. Bd2 c4 11. Bg5 Qxa2 12. Ra1 Qb3 13. Qc1 Qb6 14. Rb1 Qc7 15.
Ng3 h6 16. Bf4 a5 17. Be2 a4 18. Qc2 a3 19. O-O Na5 20. Bd1 Nc6 21. Ra1 b5 22.
Bd2 b4 23. cxb4 Nxb4 24. Bxb4 Bxb4 25. Qb1 Qa5 26. Nh4 Rg8 27. Qh7 Kf8 28. Bc2
a2 29. Bb3 cxb3 30. Nh5 b2 31. Rad1 a1=Q 32. Rxa1 bxa1=Q 33. g3 Qxd4 34. Nxg7
Rxg7 35. Qh8+ Rg8 36. Qxh6+ Ke8 37. Qh7 Rf8 38. Ng6 Ba6 39. Nxf8 Nxf8 0-1

[Event "European Youth Chess Championship B10"]
[Site "Prague, Top Hotel Prague"]
[Date "2016.08.20"]
[Round "3.46"]
[White "Yudin, Mikhail"]
[Black "Gotsiridze, Davit"]
[Result "1-0"]
[WhiteElo "1530"]
[BlackElo "1075"]
[PlyCount "75"]
[EventDate "2016.08.18"]

1. e4 d6 2. d4 Nf6 3. Nc3 e5 4. Nge2 Be7 5. g3 Bg4 6. Bg2 Nc6 7. Be3 O-O 8. O-O
Re8 9. h3 Bh5 10. Qd2 a6 11. a4 Na5 12. Qd3 Bg6 13. f4 exf4 14. Nxf4 c6 15.
Nxg6 hxg6 16. b4 d5 17. bxa5 dxe4 18. Nxe4 Nd5 19. Bd2 Nc7 20. Rab1 Rb8 21. Bf4
g5 22. Bd2 Ne6 23. Bc3 Qd7 24. Ba1 Qc7 25. Bc3 Red8 26. Qf3 f6 27. Rbd1 Rd7 28.
Qe2 Bf8 29. Nxf6+ gxf6 30. Qxe6+ Kh8 31. Qxf6+ Bg7 32. Qxg5 Re7 33. Qh5+ Kg8
34. Rd3 Rf8 35. d5 Bxc3 36. d6 Qxa5 37. Qxa5 Bxa5 38. dxe7 1-0

[Event "European Youth Chess Championship B10"]
[Site "Prague, Top Hotel Prague"]
[Date "2016.08.20"]
[Round "3.52"]
[White "Stefanou, Konstantinos"]
[Black "Tham, Nam"]
[Result "0-1"]
[WhiteElo "1357"]
[BlackElo "1698"]
[PlyCount "73"]
[EventDate "2016.08.18"]

1. e4 e5 2. Nf3 Nc6 3. Bc4 Bc5 4. c3 Nf6 5. d4 exd4 6. cxd4 Bb4+ 7. Bd2 Bxd2+
8. Nbxd2 d5 9. exd5 Nxd5 10. O-O O-O 11. Ne5 Nce7 12. Qb3 c6 13. Rfe1 Qc7 14.
Rac1 Be6 15. Ne4 Rad8 16. Nc5 Bc8 17. h3 h6 18. a3 a6 19. Re2 b5 20. Bxd5 Nxd5
21. Ne4 Bb7 22. Rec2 Ne7 23. Nc5 Rxd4 24. Nxb7 Qxe5 25. Nc5 a5 26. Qc3 Qf4 27.
Nb3 Rc4 28. Qd2 Rxc2 29. Qxc2 a4 30. Nd2 Rd8 31. Nf3 Qd6 32. Re1 Ng6 33. Qc1
Ne5 34. Qe3 Nxf3+ 35. Qxf3 c5 36. Qc3 Qc7 37. Qxc5 0-1

[Event "European Youth Chess Championship B10"]
[Site "Prague, Top Hotel Prague"]
[Date "2016.08.20"]
[Round "3.53"]
[White "Tobak, Mikhail"]
[Black "Caputcuoglu, Zeki Berke"]
[Result "1-0"]
[WhiteElo "1315"]
[BlackElo "1569"]
[PlyCount "101"]
[EventDate "2016.08.18"]

1. g3 Nf6 2. Bg2 g6 3. Nf3 Bg7 4. O-O O-O 5. d3 d5 6. Nbd2 c5 7. e4 Nc6 8. c3
e5 9. Re1 Re8 10. Qc2 h6 11. a3 d4 12. c4 a6 13. Rb1 Qe7 14. Nf1 b5 15. b4 Rb8
16. Bd2 Be6 17. cxb5 Rxb5 18. Rec1 Nd7 19. Ne1 Reb8 20. f4 Qd6 21. Nf3 a5 22.
fxe5 Ncxe5 23. Nxe5 Bxe5 24. a4 R5b7 25. bxc5 Nxc5 26. Rxb7 Nxb7 27. Qc6 Kg7
28. Qxd6 Bxd6 29. Rb1 Nc5 30. Rxb8 Bxb8 31. Bxa5 Nxd3 32. Bb6 Be5 33. Nd2 Bg4
34. Bf1 Nb4 35. a5 d3 36. Kf2 Bd1 37. Ke3 Bc2 38. Bc5 Bc3 39. Nc4 Na6 40. Bd6
Bb4 41. Bxd3 Ba4 42. Bxb4 Nxb4 43. Nb6 Nxd3 44. Nxa4 Ne5 45. a6 Nc6 46. Nc3 Na7
47. Kd4 Kf8 48. Kc5 Ke7 49. Kb6 Nc8+ 50. Kc7 Na7 51. Kb7 1-0

[Event "European Youth Chess Championship B10"]
[Site "Prague, Top Hotel Prague"]
[Date "2016.08.20"]
[Round "3.54"]
[White "Kanli, Alperen"]
[Black "Burdot, Louis"]
[Result "1-0"]
[WhiteElo "1470"]
[BlackElo "1202"]
[PlyCount "37"]
[EventDate "2016.08.18"]

1. e4 e5 2. Nf3 Nf6 3. Nxe5 d6 4. Nf3 Nxe4 5. Nc3 Nxc3 6. dxc3 Be7 7. Be3 O-O
8. Qd2 Nc6 9. O-O-O Be6 10. Bd3 a5 11. h4 Bxa2 12. Qe2 Be6 13. Ng5 Bxg5 14.
hxg5 g6 15. Rh6 f6 16. Rxh7 Kxh7 17. Qh5+ Kg7 18. Qxg6+ Kh8 19. Rh1+ 1-0

[Event "European Youth Chess Championship B10"]
[Site "Prague, Top Hotel Prague"]
[Date "2016.08.20"]
[Round "3.55"]
[White "Pilar, Vit"]
[Black "Zlatkov, Anton"]
[Result "1-0"]
[WhiteElo "1453"]
[BlackElo "1196"]
[PlyCount "57"]
[EventDate "2016.08.18"]

1. d4 d5 2. c4 e6 3. Nc3 Nf6 4. cxd5 exd5 5. Bg5 Be7 6. e3 Nbd7 7. Qc2 O-O 8.
Bd3 Re8 9. Nf3 Nf8 10. O-O c6 11. Rab1 a6 12. b4 Bd7 13. a4 Rc8 14. Qb3 Qc7 15.
Rfc1 Ne6 16. Bxf6 Bxf6 17. Nxd5 Qd8 18. Nxf6+ Qxf6 19. Ne5 Nf8 20. Nxd7 Nxd7
21. Rc2 Nb6 22. Rbc1 Qd6 23. Bc4 Nxc4 24. Qxc4 b5 25. axb5 axb5 26. Qc5 Qxc5
27. Rxc5 Re6 28. d5 Re4 29. Rxb5 1-0

[Event "European Youth Chess Championship B10"]
[Site "Prague, Top Hotel Prague"]
[Date "2016.08.20"]
[Round "3.56"]
[White "Unguroiu, Razvan-Marius"]
[Black "Kanak, Matyas"]
[Result "1-0"]
[WhiteElo "1450"]
[BlackElo "1222"]
[PlyCount "87"]
[EventDate "2016.08.18"]

1. d4 d5 2. c4 c6 3. cxd5 cxd5 4. Nc3 Nf6 5. Nf3 Nc6 6. Bf4 a6 7. a3 Bf5 8. e3
e6 9. Be2 Be7 10. O-O O-O 11. Rc1 Ne4 12. Bd3 Nxc3 13. Rxc3 Bxd3 14. Qxd3 Rc8
15. Rfc1 Bd6 16. Bxd6 Qxd6 17. Qc2 Rc7 18. Ne5 Rfc8 19. Qa4 f6 20. Nxc6 Rxc6
21. Rxc6 Rxc6 22. Rxc6 Qxc6 23. Qxc6 bxc6 24. Kf1 Kf7 25. Ke2 Ke7 26. Kd3 Kd6
27. b4 Kc7 28. a4 Kb6 29. Kc3 Kc7 30. f3 Kc8 31. e4 Kb7 32. h3 Kb6 33. Kb3 h6
34. h4 h5 35. g3 a5 36. Kc3 g6 37. Kb3 g5 38. e5 gxh4 39. exf6 hxg3 40. f7 g2
41. f8=Q g1=Q 42. Qb8+ Ka6 43. b5+ cxb5 44. axb5# 1-0

[Event "European Youth Chess Championship B10"]
[Site "Prague, Top Hotel Prague"]
[Date "2016.08.20"]
[Round "3.58"]
[White "Graf, Simon"]
[Black "Shelukhin, Ivan"]
[Result "1-0"]
[WhiteElo "1527"]
[BlackElo "1158"]
[PlyCount "33"]
[EventDate "2016.08.18"]

1. e4 e5 2. Nf3 Nc6 3. d4 exd4 4. Bc4 Bc5 5. O-O Nf6 6. e5 d5 7. Bb5 Ne4 8.
Nxd4 Bxd4 9. Bxc6+ bxc6 10. Qxd4 O-O 11. Nc3 Bf5 12. Nxe4 Bxe4 13. c4 f6 14.
cxd5 cxd5 15. f3 Bg6 16. exf6 Rxf6 17. Bg5 1-0

[Event "European Youth Chess Championship B10"]
[Site "Prague, Top Hotel Prague"]
[Date "2016.08.20"]
[Round "3.59"]
[White "Fleri, Luke"]
[Black "Yudin, Yakov"]
[Result "0-1"]
[WhiteElo "1145"]
[BlackElo "1407"]
[PlyCount "52"]
[EventDate "2016.08.18"]

1. e4 c5 2. Nf3 d6 3. Bb5+ Bd7 4. Bxd7+ Qxd7 5. d4 cxd4 6. Qxd4 Nc6 7. Qc3 Nf6
8. Nbd2 e5 9. O-O Be7 10. Re1 O-O 11. Nc4 Qc7 12. Bd2 Rac8 13. b3 b5 14. Nb2
Qb7 15. h3 Nd4 16. Qd3 Nxc2 17. Red1 Nxa1 18. Rxa1 Nxe4 19. Re1 Nxd2 20. Qxd2
Qc7 21. Nd3 Qd7 22. b4 Qf5 23. Nd4 Qg5 24. Qxg5 Bxg5 25. Nxb5 a6 26. Na7 Rc7
0-1

[Event "European Youth Chess Championship B10"]
[Site "Prague, Top Hotel Prague"]
[Date "2016.08.20"]
[Round "3.60"]
[White "Simon, Leonard"]
[Black "Fava, Achille"]
[Result "1-0"]
[WhiteElo "1135"]
[BlackElo "1364"]
[PlyCount "63"]
[EventDate "2016.08.18"]

1. c4 e5 2. Nc3 Nf6 3. Nf3 Nc6 4. g3 Bc5 5. Bg2 d6 6. O-O Be6 7. d3 h6 8. Qb3
Rb8 9. e3 Qd7 10. Rd1 Bg4 11. Na4 b6 12. Qb5 h5 13. Nh4 Ne7 14. Qxd7+ Kxd7 15.
Nf3 h4 16. gxh4 Bxf3 17. Bxf3 Rxh4 18. Nxc5+ bxc5 19. b3 Rbh8 20. e4 Rxh2 21.
Rb1 c6 22. b4 cxb4 23. Rxb4 Kc7 24. Ba3 g5 25. Rdb1 Nc8 26. Rb7+ Kd8 27. Rxf7
R2h7 28. Rxf6 Ke7 29. Rf5 g4 30. Rb7+ Ke6 31. Rxh7 Rxh7 32. Bxg4 1-0

[Event "European Youth Chess Championship B10"]
[Site "Prague, Top Hotel Prague"]
[Date "2016.08.20"]
[Round "3.61"]
[White "Thoreux-Josso, Aaron"]
[Black "Foughali, Younes"]
[Result "1/2-1/2"]
[WhiteElo "1124"]
[BlackElo "1359"]
[PlyCount "63"]
[EventDate "2016.08.18"]

1. e4 c5 2. Nc3 e6 3. Nf3 Nc6 4. d4 cxd4 5. Nxd4 Nf6 6. Nxc6 bxc6 7. Bd3 d5 8.
e5 Nd7 9. Bf4 Qc7 10. Qh5 g6 11. Qg5 Bg7 12. O-O-O Nxe5 13. Rhe1 Nxd3+ 14. Rxd3
Qe7 15. Qg3 f6 16. Bd6 Qf7 17. Rf3 Qb7 18. h4 Bd7 19. Qh2 O-O-O 20. Nxd5 exd5
21. Rb3 Bh6+ 22. Kb1 Rde8 23. Rxe8+ Rxe8 24. a3 Qxb3 25. cxb3 Re1+ 26. Ka2 Bc1
27. Qg3 Re2 28. Qf3 Rxb2+ 29. Ka1 Bf5 30. g4 Bc2 31. Qxf6 Rxb3 32. Qe7 1/2-1/2

[Event "European Youth Chess Championship B10"]
[Site "Prague, Top Hotel Prague"]
[Date "2016.08.20"]
[Round "3.62"]
[White "Pilalis, Ernestos"]
[Black "Sultanahmedov, Bulat"]
[Result "0-1"]
[WhiteElo "1107"]
[BlackElo "1356"]
[PlyCount "49"]
[EventDate "2016.08.18"]

1. e4 e5 2. Nf3 Nc6 3. d4 exd4 4. Nxd4 Nf6 5. Nc3 Bb4 6. Nxc6 bxc6 7. Bd3 d5 8.
exd5 cxd5 9. O-O O-O 10. Bg5 c6 11. a3 Bd6 12. Qe1 Bxh2+ 13. Kh1 Bd6 14. g3 Bh3
15. Rg1 Bg4 16. Kg2 Bh5 17. Rh1 Bg6 18. Rh2 h6 19. Qh1 Be7 20. f3 Re8 21. Rd1
Kf8 22. b4 hxg5 23. Rh8+ Ng8 24. Bxg6 fxg6 25. Qh3 0-1

[Event "European Youth Chess Championship B10"]
[Site "Prague, Top Hotel Prague"]
[Date "2016.08.20"]
[Round "3.63"]
[White "Kien, Lancelot"]
[Black "Krasevec, Jan"]
[Result "0-1"]
[WhiteElo "1107"]
[BlackElo "1336"]
[PlyCount "120"]
[EventDate "2016.08.18"]

1. e4 c5 2. Nf3 d6 3. d4 cxd4 4. Bb5+ Bd7 5. Bc4 Nc6 6. Ng5 e6 7. Nf3 Nf6 8.
Bg5 Be7 9. Nbd2 Qb6 10. b3 O-O 11. O-O h6 12. Bf4 Nh5 13. Bg3 Nxg3 14. fxg3 Bf6
15. Rc1 d3+ 16. Kh1 dxc2 17. Qxc2 Nd4 18. Nxd4 Qxd4 19. Rcd1 Qb2 20. Qd3 Qd4
21. Qxd4 Bxd4 22. Nf3 Bc5 23. e5 d5 24. Bd3 f6 25. exf6 Rxf6 26. Ne5 Rd8 27.
Ng4 Rxf1+ 28. Rxf1 Rf8 29. Ne5 Rxf1+ 30. Bxf1 Be8 31. Be2 Bd6 32. Nd3 Bb5 33.
Kg1 e5 34. a4 Ba6 35. Kf1 e4 36. Nf2 Bxe2+ 37. Kxe2 Kf7 38. Ke3 Bc5+ 39. Ke2
Bxf2 40. Kxf2 d4 41. Ke2 Ke6 42. Kd2 Kd5 43. Ke2 Kc5 44. Kd2 Kb4 45. Ke2 Kxb3
46. Kd2 Kb2 47. g4 g5 48. g3 a5 49. h4 b6 50. h5 Kb3 51. Ke2 Kc2 52. Ke1 d3 53.
Kf2 d2 54. Ke3 d1=Q 55. Kxe4 Kc3 56. Ke3 Qe1+ 57. Kf3 Kd3 58. Kg2 Ke3 59. Kh2
Kf3 60. Kh3 Qxg3# 0-1

[Event "European Youth Chess Championship B10"]
[Site "Prague, Top Hotel Prague"]
[Date "2016.08.20"]
[Round "3.64"]
[White "Tajovsky, Simon"]
[Black "Cerny, Michal"]
[Result "0-1"]
[WhiteElo "1106"]
[BlackElo "1309"]
[PlyCount "88"]
[EventDate "2016.08.18"]

1. d4 d5 2. c4 c6 3. Nf3 Nf6 4. Nc3 Bf5 5. Qb3 Bc8 6. Bg5 e6 7. e3 Be7 8. Bd3
O-O 9. O-O Nbd7 10. Rfe1 h6 11. Bh4 Re8 12. e4 dxe4 13. Nxe4 Nxe4 14. Bxe7 Rxe7
15. Bxe4 Nf6 16. Rad1 Nxe4 17. Rxe4 Qc7 18. Ne5 b6 19. Rg4 g5 20. Qh3 Kg7 21.
Qh5 c5 22. Nf3 e5 23. Rg3 Bf5 24. Nxg5 hxg5 25. Qxg5+ Bg6 26. d5 Qd6 27. h4 Qf6
28. h5 Qxg5 29. Rxg5 Kh6 30. d6 Re6 31. d7 Rd8 32. hxg6 Kxg5 33. gxf7 Rf6 34.
Rd5 Rxf7 35. Rxe5+ Kf6 36. Rd5 Rdxd7 37. Kf1 Rxd5 38. cxd5 Ke5 39. d6 Kxd6 40.
Ke2 Kd5 41. Ke3 b5 42. g4 a5 43. g5 c4 44. g6 Rg7 0-1

[Event "European Youth Chess Championship B10"]
[Site "Prague, Top Hotel Prague"]
[Date "2016.08.20"]
[Round "3.66"]
[White "Ruggiero, Alessandro"]
[Black "Thorisson, Benedikt"]
[Result "1-0"]
[WhiteElo "1102"]
[BlackElo "1265"]
[PlyCount "26"]
[EventDate "2016.08.18"]

1. e4 c5 2. Nf3 e6 3. d4 cxd4 4. Nxd4 Nc6 5. Nxc6 bxc6 6. c4 Bc5 7. Be2 d6 8.
O-O h6 9. Nc3 Nf6 10. Bf4 O-O 11. Qc2 Bd4 12. Rfd1 Bxc3 13. Rxd6 Qe8 {score
sheet un-readable} 1-0

[Event "European Youth Chess Championship B10"]
[Site "Prague, Top Hotel Prague"]
[Date "2016.08.21"]
[Round "4.1"]
[White "Kostolansky, Sebastian Lukas"]
[Black "Tyurin, Artem"]
[Result "0-1"]
[WhiteElo "2015"]
[BlackElo "1766"]
[PlyCount "82"]
[EventDate "2016.08.18"]

1. e4 c5 2. Nf3 d6 3. Bb5+ Bd7 4. c4 Nf6 5. Nc3 g6 6. d4 cxd4 7. Nxd4 Bg7 8.
O-O O-O 9. Bxd7 Nbxd7 10. b3 Nb6 11. Bb2 e6 12. Qe2 d5 13. Rfd1 Re8 14. c5 Nbd7
15. b4 Ne5 16. Rab1 a6 17. Nc2 Nc4 18. Ba1 Qc7 19. exd5 exd5 20. Qd3 Rad8 21.
Nxd5 Nxd5 22. Qxc4 Nf4 23. Bxg7 Kxg7 24. Ne3 Qe5 25. Kh1 Qg5 26. Rxd8 Rxd8 27.
g3 Nd3 28. Kg2 Qf6 29. Ng4 Qc6+ 30. Kg1 h5 31. Ne3 Ne5 32. Qc3 f6 33. Rd1 Nf3+
34. Kg2 Nh4+ 35. Kf1 Qh1+ 36. Ke2 Qf3+ 37. Ke1 Ng2+ 38. Kf1 Nxe3+ 39. Qxe3
Rxd1+ 40. Qe1 Qd3+ 41. Kg2 Rxe1 0-1

[Event "European Youth Chess Championship B10"]
[Site "Prague, Top Hotel Prague"]
[Date "2016.08.21"]
[Round "4.2"]
[White "Yoon, Jacob D"]
[Black "Razafindratsima, Timothe"]
[Result "0-1"]
[WhiteElo "1823"]
[BlackElo "1938"]
[PlyCount "104"]
[EventDate "2016.08.18"]

1. e4 c5 2. Nf3 d6 3. d4 cxd4 4. Nxd4 Nf6 5. Nc3 Nc6 6. Be3 Ng4 7. Bc1 Qb6 8.
Bb5 Bd7 9. Bxc6 bxc6 10. O-O g6 11. h3 Nf6 12. Rb1 Bg7 13. Be3 Qc7 14. Qe2 O-O
15. f4 Nh5 16. Kh2 e5 17. Nf3 exf4 18. Bf2 Rfe8 19. Qd3 Rad8 20. Bh4 Bf6 21.
Bxf6 Nxf6 22. Nd2 Nh5 23. Nc4 Bc8 24. Qd4 f3 25. Kg1 fxg2 26. Rf3 Be6 27. Ne3
Qd7 28. Nxg2 Bxh3 29. Rbf1 Qg4 30. Qf2 Qxg2+ 31. Qxg2 Bxg2 32. Kxg2 Rd7 33. Rd1
Kg7 34. Rfd3 Nf4+ 35. Kf3 Nxd3 36. cxd3 d5 37. d4 dxe4+ 38. Nxe4 f5 39. Nc5
Rde7 40. Rd3 g5 41. Rc3 Rd8 42. Nb3 Rd6 43. Rc5 Kg6 44. Ra5 h5 45. Ra4 Rde6 46.
Rc4 Re3+ 47. Kf2 Re2+ 48. Kf1 Re1+ 49. Kf2 R7e2+ 50. Kf3 g4+ 51. Kf4 Rf1+ 52.
Kg3 Rf3+ 0-1

[Event "European Youth Chess Championship B10"]
[Site "Prague, Top Hotel Prague"]
[Date "2016.08.21"]
[Round "4.3"]
[White "Pedmanson, Albert"]
[Black "Siniauski, Artsiom"]
[Result "0-1"]
[WhiteElo "1602"]
[BlackElo "1840"]
[PlyCount "78"]
[EventDate "2016.08.18"]

1. e4 e6 2. d3 d5 3. Nd2 c5 4. g3 Nc6 5. Bg2 Nf6 6. Ngf3 g6 7. O-O Bg7 8. Re1
O-O 9. Qe2 e5 10. exd5 Nxd5 11. Ne4 Qe7 12. c4 Nc7 13. Be3 Ne6 14. Nfg5 Ned4
15. Bxd4 Nxd4 16. Qd2 Bh6 17. f4 f6 18. Nf3 Nxf3+ 19. Bxf3 exf4 20. Nc3 Qd6 21.
Nd5 Be6 22. Nxf4 Bxc4 23. Qc3 Bf7 24. Re2 Bxf4 25. gxf4 Qxf4 26. Rf1 Qg5+ 27.
Rg2 Qe3+ 28. Kh1 Rad8 29. Qxf6 Qxd3 30. Rfg1 Rd6 31. Qe5 Qxf3 32. Qxd6 Bd5 33.
Qg3 Qxg3 34. hxg3 Rf2 35. Kh2 Rxg2+ 36. Rxg2 Bxg2 37. Kxg2 Kf7 38. Kf3 Ke6 39.
Ke4 h5 0-1

[Event "European Youth Chess Championship B10"]
[Site "Prague, Top Hotel Prague"]
[Date "2016.08.21"]
[Round "4.4"]
[White "Vasilyev, Alexey"]
[Black "Spizharny, Mikhail"]
[Result "1-0"]
[WhiteElo "1838"]
[BlackElo "1754"]
[PlyCount "109"]
[EventDate "2016.08.18"]

1. e4 c5 2. Nf3 e6 3. d4 cxd4 4. Nxd4 a6 5. Nc3 b5 6. Bd3 Qb6 7. Be3 Bc5 8.
Nce2 Nf6 9. h3 e5 10. Nf5 d5 11. Bxc5 Qxc5 12. Neg3 dxe4 13. Nxe4 Nxe4 14. Bxe4
Qb4+ 15. Kf1 Bxf5 16. Bxa8 Qxb2 17. Kg1 O-O 18. Kh2 Nd7 19. Qf3 Bxc2 20. Qc6
Nf6 21. Qxa6 Bd3 22. Qa7 e4 23. Rhe1 Qe5+ 24. Kg1 Nh5 25. Qe3 Rxa8 26. Qxd3
Qxa1 27. Qxe4 Qxe1+ 28. Qxe1 Nf6 29. Qd2 h6 30. Kf1 Re8 31. Qb2 Rb8 32. Ke2 b4
33. Kd3 Nd7 34. Kc4 Nb6+ 35. Kb3 Nd5 36. Qe5 Rd8 37. Qd4 Rd6 38. Qc5 Rd8 39.
Qa5 Rd7 40. Kc4 Nf4 41. Qa8+ Kh7 42. Qe4+ Ng6 43. h4 Rd2 44. Kb3 Rxf2 45. h5
Rd2 46. hxg6+ fxg6 47. g4 Rh2 48. Qxb4 Rh4 49. a4 h5 50. a5 Rxg4 51. Qe1 h4 52.
a6 h3 53. a7 h2 54. a8=Q Rg1 55. Qh4# 1-0